The International Bureau of Education (1925-1968) : The Ascent from the Individual to the Universal.

Bibliographic Details
Main Author: Hofstetter, Rita.
Other Authors: Schneuwly, Bernard.
Format: eBook
Language:English
Published: Cham : Palgrave Macmillan, 2024.
Edition:1st ed.
Series:Global Histories of Education Series
Subjects:
Online Access:Click to View
LEADER 01635nam a22003973i 4500
001 EBC31281829
003 MiAaPQ
005 20240729202206.0
006 m o d |
007 cr cnu||||||||
008 240729s2024 xx o ||||0 eng d
020 |a 9783031413087  |q (electronic bk.) 
020 |z 9783031413070 
035 |a (MiAaPQ)EBC31281829 
035 |a (Au-PeEL)EBL31281829 
035 |a (OCoLC)1419545865 
040 |a MiAaPQ  |b eng  |e rda  |e pn  |c MiAaPQ  |d MiAaPQ 
050 4 |a LA1-2396 
100 1 |a Hofstetter, Rita. 
245 1 4 |a The International Bureau of Education (1925-1968) :  |b The Ascent from the Individual to the Universal. 
250 |a 1st ed. 
264 1 |a Cham :  |b Palgrave Macmillan,  |c 2024. 
264 4 |c Ã2024. 
300 |a 1 online resource (429 pages) 
336 |a text  |b txt  |2 rdacontent 
337 |a computer  |b c  |2 rdamedia 
338 |a online resource  |b cr  |2 rdacarrier 
490 1 |a Global Histories of Education Series 
588 |a Description based on publisher supplied metadata and other sources. 
590 |a Electronic reproduction. Ann Arbor, Michigan : ProQuest Ebook Central, 2024. Available via World Wide Web. Access may be limited to ProQuest Ebook Central affiliated libraries.  
655 4 |a Electronic books. 
700 1 |a Schneuwly, Bernard. 
776 0 8 |i Print version:  |a Hofstetter, Rita  |t The International Bureau of Education (1925-1968)  |d Cham : Palgrave Macmillan,c2024  |z 9783031413070 
797 2 |a ProQuest (Firm) 
830 0 |a Global Histories of Education Series 
856 4 0 |u https://ebookcentral.proquest.com/lib/matrademy/detail.action?docID=31281829  |z Click to View